Normal view
MARC view
Entry Personal Name
001 - CONTROL NUMBER
- control field: 26411
003 - CONTROL NUMBER IDENTIFIER
- control field:
005 - DATE AND TIME OF LATEST TRANSACTION
- control field: 20260409124629.0
008 - FIXED-LENGTH DATA ELEMENTS
- fixed length control field: 260409|| aca||aabn | a|a d
040 ## - CATALOGING SOURCE
- Original cataloging agency:
- Transcribing agency:
100 ## - HEADING--PERSONAL NAME
- Personal name: Betts, Alan
670 ## - SOURCE DATA FOUND
- Source citation: Work cat.: ()368: 923, Operations and process management :, 2006.